| 000 | 00603cam a22001817a 4500 | ||
|---|---|---|---|
| 008 | 180718b1974 xxu||||| |||| 00| 0 eng d | ||
| 082 | _aB19 In5 | ||
| 100 | _aInkeles, Alex | ||
| 245 |
_aBecoming modern: individual change in six developing countries _cby Alex Inkeles and Devid H. Smith |
||
| 260 |
_aLondon _bHeinemann _c1974 |
||
| 300 | _axi, 436p | ||
| 650 | _aSocial surveys --Developing countries. | ||
| 650 | _aDeveloping countries --Social conditions | ||
| 650 | _aSocial surveys | ||
| 650 | _aSociology --Methodology | ||
| 650 | _aCivilization, Modern --1950- | ||
| 700 | _aSmith, Devid H. | ||
| 999 |
_c419047 _d419047 |
||